<?xml version="1.0" encoding="UTF-8"?><?xml-stylesheet type="text/xsl" href="static/style.xsl"?><OAI-PMH xmlns="http://www.openarchives.org/OAI/2.0/" xmlns:xsi="http://www.w3.org/2001/XMLSchema-instance" xsi:schemaLocation="http://www.openarchives.org/OAI/2.0/ http://www.openarchives.org/OAI/2.0/OAI-PMH.xsd"><responseDate>2026-04-13T04:15:21Z</responseDate><request verb="GetRecord" identifier="oai:www.recercat.cat:10230/68260" metadataPrefix="marc">https://recercat.cat/oai/request</request><GetRecord><record><header><identifier>oai:recercat.cat:10230/68260</identifier><datestamp>2025-12-22T13:33:34Z</datestamp><setSpec>com_2072_6</setSpec><setSpec>col_2072_452952</setSpec></header><metadata><record xmlns="http://www.loc.gov/MARC21/slim" xmlns:dcterms="http://purl.org/dc/terms/" xmlns:xsi="http://www.w3.org/2001/XMLSchema-instance" xmlns:doc="http://www.lyncode.com/xoai" xsi:schemaLocation="http://www.loc.gov/MARC21/slim http://www.loc.gov/standards/marcxml/schema/MARC21slim.xsd">
   <leader>00925njm 22002777a 4500</leader>
   <datafield ind2=" " ind1=" " tag="042">
      <subfield code="a">dc</subfield>
   </datafield>
   <datafield ind2=" " ind1=" " tag="720">
      <subfield code="a">Timmer, Kalinka</subfield>
      <subfield code="e">author</subfield>
   </datafield>
   <datafield ind2=" " ind1=" " tag="720">
      <subfield code="a">Chen, Yiya</subfield>
      <subfield code="e">author</subfield>
   </datafield>
   <datafield ind2=" " ind1=" " tag="260">
      <subfield code="c">2024-10-21T06:30:43Z</subfield>
   </datafield>
   <datafield ind2=" " ind1=" " tag="260">
      <subfield code="c">2024-10-21T06:30:43Z</subfield>
   </datafield>
   <datafield ind2=" " ind1=" " tag="260">
      <subfield code="c">2017</subfield>
   </datafield>
   <datafield ind2=" " ind1=" " tag="520">
      <subfield code="a">This study addressed the debate on the primacy of syllable vs. segment (i.e., phoneme) as a functional unit of phonological encoding in syllabic languages by investigating both behavioral and neural responses of Dutch-Cantonese (DC) bilinguals in a color-object picture naming task. Specifically, we investigated whether DC bilinguals exhibit the phonemic processing strategy, evident in monolingual Dutch speakers, during planning of their Cantonese speech production. Participants named the color of colored line-drawings in Cantonese faster when color and object matched in the first segment than when they were mismatched (e.g., 藍駱駝, /laam4/ /lok3to4/, “blue camel;” 紅饑駝, /hung4/ /lok3to4/, “red camel”). This is in contrast to previous studies in Sinitic languages that did not reveal such phoneme-only facilitation. Phonemic overlap also modulated the event-related potentials (ERPs) in the 125–175, 200–300, and 300–400 ms time windows, suggesting earlier ERP modulations than in previous studies with monolingual Sinitic speakers or unbalanced Sinitic-Germanic bilinguals. Conjointly, our results suggest that, while the syllable may be considered the primary unit of phonological encoding in Sinitic languages, the phoneme can serve as the primary unit of phonological encoding, both behaviorally and neurally, for DC bilinguals. The presence/absence of a segment onset effect in Sinitic languages may be related to the proficiency in the Germanic language of bilinguals.</subfield>
   </datafield>
   <datafield ind2=" " ind1=" " tag="520">
      <subfield code="a">The authors would like to thank Simwayn Tran for the material selection, both Simwayn Tran and Eva Leusink for recruiting participants and running the experiment, and Eric Shek and Peggy Mok for checking the stimuli. Preparation of this manuscript was partially supported by the Rubicon grant 446-14-006 from the Dutch Organization for Scientific Research (NWO) awarded to the first author KT, and by the ERC Starting Grant 206198 from the European Research Council (ERC) awarded to the last author YC.</subfield>
   </datafield>
   <datafield tag="653" ind2=" " ind1=" ">
      <subfield code="a">Speech production</subfield>
   </datafield>
   <datafield tag="653" ind2=" " ind1=" ">
      <subfield code="a">Bilingualism</subfield>
   </datafield>
   <datafield tag="653" ind2=" " ind1=" ">
      <subfield code="a">Segmental processing</subfield>
   </datafield>
   <datafield tag="653" ind2=" " ind1=" ">
      <subfield code="a">Syllabic processing</subfield>
   </datafield>
   <datafield tag="653" ind2=" " ind1=" ">
      <subfield code="a">EEG/ERP</subfield>
   </datafield>
   <datafield ind2="0" ind1="0" tag="245">
      <subfield code="a">Dutch-Cantonese bilinguals show segmental processing during sinitic language production</subfield>
   </datafield>
</record></metadata></record></GetRecord></OAI-PMH>